000 00564nam a2200193Ia 4500
003 GCL
008 140319s9999 xx 000 0 ara d
040 _aGCL /
_cGCL
082 0 4 _a935
_bف م
100 1 _aفاضل عبدالواحد على
245 1 0 _aمن سومر الى التوراة /
_cفاضل عبدالواحد على
300 _a307
490 _aكتاب
_v0
650 0 4 _aالبابليون
650 0 4 _aالحضارة القديمة
650 0 4 _aالاشوريون
650 0 4 _aحضارة العراق القديمة
942 _2ddc
_cBK
999 _c43141
_d43141